| 000 | 00860nam a2200229 i 4500 | ||
|---|---|---|---|
| 001 | 175271 | ||
| 003 | ES-MaACL | ||
| 005 | 20250806062544.0 | ||
| 007 | t| | ||
| 008 | 101019s1973 sp f ||||1| spa d | ||
| 080 | _a725.17(460.27 M.) | ||
| 100 | 1 |
_aLópez Serrano, Matilde. _973985 |
|
| 245 | 1 | 3 |
_aEl Palacio Real de Madrid / _cpor Matilde López Serrano. |
| 260 |
_aMadrid : _bAyuntamiento de Madrid, Delegación de Educación : _bInstituto de Estudios Madrileños, _c1973. |
||
| 300 |
_a54 p. , [16] h. de lám. ; _c22 cm. |
||
| 490 | 1 |
_aCiclo de conferencias sobre monumentos madrileños ; _v18 |
|
| 610 | 0 | 4 |
_aPalacio Real (Madrid) _9140906 |
| 710 | 2 |
_aInstituto de Estudios Madrileños _94916 |
|
| 830 | 0 |
_aCiclo de conferencias sobre monumentos madrileños ; _v18 _9189598 |
|
| 852 |
_aES-MaACL _j2258-F-18 _xOlim P-53 |
||
| 999 |
_c175271 _d175271 |
||